Datum a čas kvízu

16.5 Celkem bodů Celkový počet nahraných bodů na tomto kvízu bez doplňovacích otázek.
5. Pořadí na kvízu Konečné umístění týmu na tomto kvízu.

Zaznamenané odpovědi

# Otázka Odpověď Body Výsledky
1. 8. listopadu zakázala Správa ž... zubačka 1
2. V neděli 19. listopadu půjde d... Napoleon Bonaparte 0
3. Jedna hvězda akčních filmů zav... Jean-Claude Van Damme 0
4. Ostravský rodák Karel Orlita,... exorcistů (vymítačů ďábla). 0
5. V sobotu se v newyorské Madiso... Alex Pereira, Jiří Procházka 1
6. Fiktivní věda může být ta, kte... warp 0
7. Od konce 19. století už je pře... éter 0
8. Někdy se stává, že z těžko pře... Jules Verne 0
9. Mezi lety 2004 a 2010 byl v pr... Ztraceni, J.J. Abrams 0
10. Nemůžeme opomenout Járu Cimrma... dvoudílné plavky 0